বিষয়বস্তু এড়িয়ে যান
VuFind
ভাষা
English
Deutsch
Español
Français
Italiano
日本語
Nederlands
Português
Português (Brasil)
中文(简体)
中文(繁體)
Türkçe
עברית
Gaeilge
Cymraeg
Ελληνικά
Català
Euskara
Русский
Čeština
Suomi
Svenska
polski
Dansk
slovenščina
اللغة العربية
বাংলা
Galego
Tiếng Việt
Hrvatski
हिंदी
সমস্ত ক্ষেত্রসমূহ
আখ্যা
লেখক
বিষয়
ডাক সংখ্যা
আইসবিএন/আইএসএসএন
ট্যাগ
অনুসন্ধান
বিস্তৃত
ফিল্টার পুনরায় সেট করুন
প্রস্তাবিত প্রসঙ্গ:
Golf
ফিল্টার পুনরায় সেট করুন
ফিল্টার দেখুন (1)
প্রস্তাবিত প্রসঙ্গ:
Golf
অনুসন্ধান
Waves on beaches
সাইট করুন
এই ই-মেইলটি
মুদ্রণ
নথি এক্সপোর্ট করুন
এক্সপোর্ট করুন RefWorks
এক্সপোর্ট করুন EndNoteWeb
এক্সপোর্ট করুন EndNote
permanent_link
লোডিং...
Waves on beaches
other_versions_link
গ্রন্থ-পঞ্জীর বিবরন
অন্যান্য লেখক:
Meyer, R E
(Editor)
ভাষা:
English
হোল্ডিংস
বিবরন
other_versions_title
অনুরূপ উপাদানগুলি
স্টাফেদের বিবরণ দেখুন
LEADER
00263nam a22001097a 4500
005
20151028162257.0
008
090804t xxu||||| |||| 00| 0 eng d
082
|a
551.470 2
|b
L2
100
|a
Meyer, R E
|e
Editor
|9
803
245
|a
Waves on beaches
942
|c
BK
|6
_
999
|c
78700
|d
78700
অনুরূপ উপাদানগুলি
Waves on beaches
Waves on beaches
প্রকাশিত: (1972)
Waves on beaches
অনুযায়ী: Meyer, R. E.
Ocean waves and beach processes
অনুযায়ী: Baba, M
প্রকাশিত: (1988)
Ocean waves and beach processes
অনুযায়ী: Baba, M, Ed.; Kurian, N P, Ed
লোডিং...